000 00350nam a2200157Ia 4500
008 210210b1958 xxu||||| |||| 00| 0 eng d
041 _aeng
082 _a828/658
100 _aVISCOUNT (Montgomery)
245 _aMemoirs
260 _aLondon
_bCollins
_c1958
650 _aMemoris
650 _aMemoirs
690 _aBiography
906 _a016503
999 _c136056
_d136056